| 000 | 00587nam a22002057a 4500 | ||
|---|---|---|---|
| 005 | 20230331104309.0 | ||
| 008 | 230331b ||||| |||| 00| 0 eng d | ||
| 040 | _cAL | ||
| 041 | _aEng | ||
| 082 |
_223 _a658/54 _bKHAF |
||
| 100 |
_aM Y Khan and others _980699 |
||
| 245 | _aFinancial Management: Text and Problems | ||
| 250 | _a2. | ||
| 260 |
_aNew Delhi _bTata McGraw Hill Publishing Comapany Limited _c1998 |
||
| 300 |
_axvi,787 p. _bPB _e22.5x15 cm. |
||
| 650 |
_aFinancial Management _980700 |
||
| 700 |
_aKHAN (M Y) _980701 |
||
| 700 |
_aJAIN (P K) _980702 |
||
| 942 |
_2ddc _cDB |
||
| 999 |
_c227118 _d227118 |
||